000 00733nam a22002417a 4500
999 _c12857
_d12857
003 AR-CdUCM
008 190305b ||||| |||| 00| 0 spa d
040 _aMUNICIPALIDAD PROVINCIAL DEL CUSCO
_cBIBLIOTECA MUNICIPAL DEL CUSCO
082 _aES / 373.808 /
_bM73
100 _aMatute, Ana Maria
_9985
245 _aAlgunos Muchachos y otros cuentos /
260 _aEspaña :
_bSalvat editores,
_bAlianza Editorial,
_c1970.
300 _a180 páginas ;
_c18.5 cm.
440 _aLIbro RTV
_n47
_930946
500 _aLiteratura
650 _acuentos
_93009
650 _aHistoria
_9136
650 _aLiteratura
_983
650 _aEspaña
_9176
700 _aRomero, Luis
_930947
942 _2ddc
_cLIBROS
945 _apjha
_d2019-04-10